MARC

LEADER 00000nam0a2200000 4500
001 331484
005 20231102004348.0
035 |a (RuTPU)RU\TPU\book\357311 
035 |a RU\TPU\book\357297 
090 |a 331484 
100 |a 20170425d1979 k y0rusy50 ca 
101 0 |a rus 
102 |a UZ 
105 |a a z 001zy 
200 1 |a Вопросы геологии и нефтегазоносности  |f Ташкентский политехнический институт ; отв. ред. М. С. Сайдалиева 
210 |a Фергана  |c Изд-во ТашПИ  |d 1979 
215 |a 34 с.  |c ил. 
225 1 |a Сборник научных трудов  |v Вып. 268 
320 |a Библиография в конце глав. 
606 1 |a Геология  |2 stltpush  |3 (RuTPU)RU\TPU\subj\6095  |9 34054 
606 1 |a Нефтегазоносность  |2 stltpush  |3 (RuTPU)RU\TPU\subj\45590  |9 64783 
610 1 |a нефтеносные районы 
610 1 |a газоносные районы 
610 1 |a Ферганская депрессия 
610 1 |a орогенные области 
610 1 |a тектоническое строение 
610 1 |a мезозой 
610 1 |a кайнозойские отложения 
610 1 |a залежи 
610 1 |a формирование 
675 |a 55  |v 3 
675 |a 553.98  |v 3 
702 1 |a Сайдалиева  |b М. С.  |4 340 
712 0 2 |a Ташкентский политехнический институт  |2 stltpush  |3 (RuTPU)RU\TPU\col\6741 
801 1 |a RU  |b 63413507  |c 20051118  |g PSBO 
801 2 |a RU  |b 63413507  |c 20170621  |g PSBO 
942 |c BK